Statistics for Biggest Cities in India by Letter - C

Click here to take the quiz!

General Stats

  • This quiz has been taken 39 times
  • The average score is 3 of 11

Answer Stats

PopulationStateCity% Correct
8,653,521Tamil NaduChennai
100%
2,136,916Tamil NaduCoimbatore
76%
1,026,459Punjab/HaryanaChandigarh
65%
663,188OdishaCuttack
50%
213,714BiharChapra
12%
175,647Andhra PradeshChittoor
3%
173,636Tamil NaduCuddalore
3%
320,379MaharastraChandrapura
0%
455,722KeralaCherthala
0%
190,041Madhya PradeshChhindwara
0%
162,471Andhra PradeshChirala
0%

Score Distribution

Percentile by Number Answered

Percent of People with Each Score

Your Score History

You have not taken this quiz